00804nam a22001817a 4500003000900000008004100009020002200050040007100072082002000143100003600163245007700199260003100276300005200307505019100359650002500550650002200575650002500597AR-CdUCM190312b ||||| |||| 00| 0 spa d a978-9972-38-543-8 aMUNICIPALIDAD PROVINCIAL DEL CUSCOcBIBLIOTECA MUNICIPAL DEL CUSCO a782.4215 /bR68 aRivera Dávalos, Julio César aEl poder de un símbolo patrio : bclave de la identidad e integridad / aLima :bSan Marcos,c2008. a370 páginas ;bilustraciones a color c21 cm. aContenido: El himno el la teoría de los objetos -- Exégesis en el coro -- Exégesis de la primera estrofa -- Exégesis de la segunda estrofa -- Exégesis de la tercera estrofa ... aHimnos patrióticos aMúsica nacional aHistoria y crítica